<?xml version="1.0" encoding="UTF-8"?>
<collection xmlns="http://www.loc.gov/MARC21/slim">
<record>
  <controlfield tag="001">164092</controlfield>
  <controlfield tag="005">20251121161351.0</controlfield>
  <datafield tag="024" ind1="7" ind2=" ">
    <subfield code="2">doi</subfield>
    <subfield code="a">10.1002/jsfa.70271</subfield>
  </datafield>
  <datafield tag="024" ind1="8" ind2=" ">
    <subfield code="2">sideral</subfield>
    <subfield code="a">146177</subfield>
  </datafield>
  <datafield tag="037" ind1=" " ind2=" ">
    <subfield code="a">ART-2025-146177</subfield>
  </datafield>
  <datafield tag="041" ind1=" " ind2=" ">
    <subfield code="a">eng</subfield>
  </datafield>
  <datafield tag="100" ind1=" " ind2=" ">
    <subfield code="a">Rius-García, Xavier</subfield>
  </datafield>
  <datafield tag="245" ind1=" " ind2=" ">
    <subfield code="a">Comparative analysis of salt tolerance in five commercial Prunus rootstocks</subfield>
  </datafield>
  <datafield tag="260" ind1=" " ind2=" ">
    <subfield code="c">2025</subfield>
  </datafield>
  <datafield tag="520" ind1="3" ind2=" ">
    <subfield code="a">Background
Salinity threatens agricultural productivity worldwide, particularly affecting fruit trees like Prunus species. Rootstocks can enhance salt tolerance, but comparative evaluations of modern commercial rootstocks under saline conditions remain limited. This study assessed salt tolerance mechanisms in five Prunus rootstocks (Garnem, GF677, Rootpac 20, Rootpac 40 and Rootpac R) under increasing NaCl concentrations.
                  
Results
Significant genotypic variation in salt tolerance was observed, with distinct parameter-specific responses challenging simple tolerance rankings. Rootpac R demonstrated balanced performance across growth, physiological and ion homeostasis parameters. Rootpac 20 maintained the best shoot elongation (only 9.9% reduction at 75 mmol L−1 NaCl) despite severe ion dysregulation and near-complete defoliation, revealing independent tolerance mechanisms. GF677 performed well at moderate salinity but showed threshold effects at higher concentrations. Rootpac 40 maintained superior K+/Na+ ratios that did not translate to growth performance, while Garnem showed poor performance in both growth metrics despite large initial size. Initial vigor rankings (based on control performance) showed no correlation with salt tolerance, indicating that these traits are genetically independent.

Conclusion
Salt tolerance in Prunus rootstocks involves multiple, independent mechanisms including growth maintenance, ion selectivity and physiological stability. No single genotype exhibited universal superiority; instead, each employed distinct tolerance strategies with specific advantages. Rootpac R offers the most balanced performance for general saline conditions, while other genotypes may be preferred for specific situations: Rootpac 20 for short-term growth maintenance, Rootpac 40 for ion homeostasis priority or Garnem for mild stress conditions. These findings emphasize that rootstock selection must consider specific environmental conditions and production goals rather than relying on simple tolerance rankings. © 2025 Society of Chemical Industry.</subfield>
  </datafield>
  <datafield tag="506" ind1="0" ind2=" ">
    <subfield code="a">Access copy available to the general public</subfield>
    <subfield code="f">Unrestricted</subfield>
  </datafield>
  <datafield tag="540" ind1=" " ind2=" ">
    <subfield code="9">info:eu-repo/semantics/embargoedAccess</subfield>
    <subfield code="a">All rights reserved</subfield>
    <subfield code="u">http://www.europeana.eu/rights/rr-f/</subfield>
  </datafield>
  <datafield tag="655" ind1=" " ind2="4">
    <subfield code="a">info:eu-repo/semantics/article</subfield>
    <subfield code="v">info:eu-repo/semantics/acceptedVersion</subfield>
  </datafield>
  <datafield tag="700" ind1=" " ind2=" ">
    <subfield code="a">Videgain-Marco, María</subfield>
    <subfield code="u">Universidad de Zaragoza</subfield>
    <subfield code="0">(orcid)0000-0002-3630-7931</subfield>
  </datafield>
  <datafield tag="700" ind1=" " ind2=" ">
    <subfield code="a">Casanova-Gascón, José</subfield>
    <subfield code="u">Universidad de Zaragoza</subfield>
    <subfield code="0">(orcid)0000-0003-3009-0935</subfield>
  </datafield>
  <datafield tag="700" ind1=" " ind2=" ">
    <subfield code="a">Acuña-Rello, Luis</subfield>
  </datafield>
  <datafield tag="700" ind1=" " ind2=" ">
    <subfield code="a">Martín-Ramos, Pablo</subfield>
  </datafield>
  <datafield tag="710" ind1="2" ind2=" ">
    <subfield code="1">5011</subfield>
    <subfield code="2">500</subfield>
    <subfield code="a">Universidad de Zaragoza</subfield>
    <subfield code="b">Dpto. CC.Agrar.y Medio Natural</subfield>
    <subfield code="c">Area Ingeniería Agroforestal</subfield>
  </datafield>
  <datafield tag="710" ind1="2" ind2=" ">
    <subfield code="1">5011</subfield>
    <subfield code="2">705</subfield>
    <subfield code="a">Universidad de Zaragoza</subfield>
    <subfield code="b">Dpto. CC.Agrar.y Medio Natural</subfield>
    <subfield code="c">Área Producción Vegetal</subfield>
  </datafield>
  <datafield tag="773" ind1=" " ind2=" ">
    <subfield code="g">(2025), [23 pp.]</subfield>
    <subfield code="p">J. Sci. Food Agric.</subfield>
    <subfield code="t">Journal of the science of food and agriculture</subfield>
    <subfield code="x">0022-5142</subfield>
  </datafield>
  <datafield tag="856" ind1="4" ind2=" ">
    <subfield code="s">2359716</subfield>
    <subfield code="u">http://zaguan.unizar.es/record/164092/files/texto_completo.pdf</subfield>
    <subfield code="y">Postprint</subfield>
    <subfield code="z">info:eu-repo/date/embargoEnd/2026-10-24</subfield>
  </datafield>
  <datafield tag="856" ind1="4" ind2=" ">
    <subfield code="s">2342948</subfield>
    <subfield code="u">http://zaguan.unizar.es/record/164092/files/texto_completo.jpg?subformat=icon</subfield>
    <subfield code="x">icon</subfield>
    <subfield code="y">Postprint</subfield>
    <subfield code="z">info:eu-repo/date/embargoEnd/2026-10-24</subfield>
  </datafield>
  <datafield tag="909" ind1="C" ind2="O">
    <subfield code="o">oai:zaguan.unizar.es:164092</subfield>
    <subfield code="p">articulos</subfield>
    <subfield code="p">driver</subfield>
  </datafield>
  <datafield tag="951" ind1=" " ind2=" ">
    <subfield code="a">2025-11-21-14:26:20</subfield>
  </datafield>
  <datafield tag="980" ind1=" " ind2=" ">
    <subfield code="a">ARTICLE</subfield>
  </datafield>
</record>
</collection>